Normal view
MARC view
- Frank, A
Entry Personal Name
001 - CONTROL NUMBER
- control field: 6478
003 - CONTROL NUMBER IDENTIFIER
- control field: OSt
005 - DATE AND TIME OF LATEST TRANSACTION
- control field: 20180219130317.0
008 - FIXED-LENGTH DATA ELEMENTS
- fixed length control field: 180219|| aca||aabn | a|a d
040 ## - CATALOGING SOURCE
- Original cataloging agency: OSt
- Transcribing agency: OSt
100 ## - HEADING--PERSONAL NAME
- Personal name: Frank, A
670 ## - SOURCE DATA FOUND
- Source citation: Work cat.: (OSt): Frank, A, The diary of young girl ( I & II), 2013